| 000 | 00712nam a22002532a 4500 | ||
|---|---|---|---|
| 001 | 3065 | ||
| 003 | UkOxU | ||
| 005 | 20211208233653.0 | ||
| 008 | 131218s1935 enka 001 0 eng d | ||
| 035 | _a(BD-RjUL)3099 | ||
| 040 |
_aAZS _cAZS _dEQO _dBD-RjUL _beng |
||
| 041 | _aeng | ||
| 082 |
_a 332.041 _bDUP |
||
| 090 | _b.D88 1935 | ||
| 100 | 1 |
_aDurbin, E. F. M. _q(Evan Frank Mottram), _d1906-1948. _99740 |
|
| 245 | 1 | 4 |
_aThe problem of credit policy / _cby E. F. M. Durbin. |
| 260 |
_aLondon : _bChapman & Hall, _c1935. |
||
| 300 |
_axxi, 267 p. : _bdiagrs. ; _c23 cm |
||
| 504 | _aIncludes index. | ||
| 650 | 0 |
_aCredit _99741 |
|
| 650 | 0 |
_aMoney _99742 |
|
| 650 | 0 |
_aBanks and banking _99743 |
|
| 942 |
_2ddc _cBK |
||
| 999 |
_c3065 _d3065 |
||